| 000 | 00815nam a22002651 4500 | ||
|---|---|---|---|
| 001 | 34909 | ||
| 003 | BD-RjUL | ||
| 005 | 20211209052229.0 | ||
| 008 | 140520s1962 nyu b 001 0 eng d | ||
| 035 | _a(BD-RjUL)35003 | ||
| 035 | _a(OCoLC)1488436 | ||
| 040 |
_aDLC _cOTU _dOCoLC _dDLC _dBD-RjUL _beng |
||
| 041 | _aeng | ||
| 082 | 0 | 0 |
_a301.09 _bMAS 1962 |
| 100 | 1 |
_aMaus, Heinz. _9106280 |
|
| 245 | 1 | 2 |
_aA short history of sociology / _cHeinz Maus |
| 260 |
_aLondon : _bRoutledge & Kegan Paul, _c1962. |
||
| 300 |
_a226 p. ; _c23 cm. |
||
| 500 | _aOriginally published in Werner Ziegenfuss's Handbuch der Soziologie, Stuttgart, Enke Verlag, 1956. | ||
| 504 | _aIncludes bibliography. and Index | ||
| 650 | 0 |
_aSociology _xHistory. _9106281 |
|
| 942 |
_2ddc _cBK |
||
| 999 |
_c34909 _d34909 |
||